Welcome to the Holygrace Academy Library

Please use search bar below to get started

POONTHEN (Record no. 1661)

MARC details
000 -LEADER
fixed length control field 00313nam a22001457a 4500
020 ## - INTERNATIONAL STANDARD BOOK NUMBER
ISBN 81-85226-72-5
082 ## - DEWEY DECIMAL CLASSIFICATION NUMBER
Classification number 894.812.3
Item number RAM/P
100 ## - MAIN ENTRY--AUTHOR NAME
Personal name RAMACHANDRAN NAIR,PANMANA
245 ## - TITLE STATEMENT
Title POONTHEN
250 ## - EDITION STATEMENT
Edition statement FIRST
260 ## - PUBLICATION, DISTRIBUTION, ETC. (IMPRINT)
Place of publication KOTTAYAM
Name of publisher KAIRALI
Year of publication 1979
300 ## - PHYSICAL DESCRIPTION
Number of Pages 64
650 ## - SUBJECT ADDED ENTRY--TOPICAL TERM
Topical Term STORY
Geographic subdivision KERALA
942 ## - ADDED ENTRY ELEMENTS (KOHA)
Koha item type Books
Holdings
Withdrawn status Lost status Collection code Home library Current library Shelving location Date acquired Source of acquisition Cost, normal purchase price Full call number Accession Number Koha item type
    Fiction Main Library Main Library SHELF-6C MALAYALAM SHORT STORIES 01/03/2002 PURCHASE 25.00 894.812.3 RAM/P 01053 Books